Tudás és gazdaság
Elmentve itt :
| Dokumentumtípus: | Cikk |
|---|---|
| Megjelent: |
2006-11-27
|
| Sorozat: | Délmagyarország
96 No. 277 |
| Kulcsszavak: | Környezet- és Nanotechnológiai Regionális Egyetemi Tudásközpont |
| Online Access: | http://dmarchiv.bibl.u-szeged.hu/126930 |
| LEADER | 00446nab a2200145 i 4500 | ||
|---|---|---|---|
| 001 | delm126930 | ||
| 005 | 20191205143130.0 | ||
| 008 | 191205s2006 hu o 0|| hun d | ||
| 040 | |a SZTE Délmagyarország Archívum |b hun | ||
| 041 | |a hun | ||
| 245 | 0 | 0 | |a Tudás és gazdaság |h [elektronikus dokumentum] |
| 260 | |c 2006-11-27 | ||
| 300 | |a 5 | ||
| 490 | 0 | |a Délmagyarország |v 96 No. 277 | |
| 695 | |a Környezet- és Nanotechnológiai Regionális Egyetemi Tudásközpont | ||